| 000 | 00878nam a22002537a 4500 | ||
|---|---|---|---|
| 999 |
_c129955 _d129955 |
||
| 003 | dpl | ||
| 005 | 20190116141440.0 | ||
| 008 | 180522b xxu||||| |||| 00| 0 eng d | ||
| 010 | _aA-996835,A-996839 | ||
| 020 |
_c00.00 _a8170943280 |
||
| 035 | _aA-996835 A-996839, A-996836 | ||
| 037 | _bCen Lib/Ret | ||
| 040 |
_aDPL _bEN _c0 |
||
| 082 |
_a954.0841 _bKAS |
||
| 100 |
_aKasturi, Bhashyam _927883 |
||
| 245 |
_aWalking alone : _cby Bhashyam Kasturi _bGandhi and India's partition / |
||
| 260 |
_bVision Books Pvt Ltd _aNew Delhi _c1999 |
||
| 270 |
_a24 Feroze Gandhi Road, Lajpat Nagar III _bNew Delhi _e110024 |
||
| 300 |
_a152p. _c22cm(Hb) |
||
| 500 | _aIncludes bibliographical references and index | ||
| 650 |
_aIndia -- History -- Partition, 1947 _926337 |
||
| 650 |
_aGandhi, -- Mahatma, -- 1869-1948 _927884 |
||
| 942 |
_2ddc _cEN _h954.0841 _mKAS |
||